<?xml version='1.0' encoding='UTF-8'?>
  <record xmlns="http://www.loc.gov/MARC21/slim">
    <leader>00000cam a2200000 i 4500</leader>
    <controlfield tag="001">ocm65493288</controlfield>
    <controlfield tag="003">OCoLC</controlfield>
    <controlfield tag="005">20250406172632.6</controlfield>
    <controlfield tag="008">900713s1655    ne            000 0 dut d</controlfield>
    <datafield tag="040" ind1=" " ind2=" ">
      <subfield code="a">NLGGC</subfield>
      <subfield code="b">dut</subfield>
      <subfield code="e">fobidrtb</subfield>
      <subfield code="c">NLGGC</subfield>
      <subfield code="d">QGJ</subfield>
      <subfield code="d">OCLCO</subfield>
      <subfield code="d">OCLCA</subfield>
      <subfield code="d">OCLCL</subfield>
      <subfield code="d">OCLCQ</subfield>
    </datafield>
    <datafield tag="026" ind1=" " ind2=" ">
      <subfield code="a">165504 - b1 A2 $selve : b2 B2 n$he</subfield>
      <subfield code="2">stcnf</subfield>
    </datafield>
    <datafield tag="029" ind1="0" ind2=" ">
      <subfield code="a">NLGGC</subfield>
      <subfield code="b">06419406X</subfield>
    </datafield>
    <datafield tag="035" ind1=" " ind2=" ">
      <subfield code="a">(OCoLC)65493288</subfield>
    </datafield>
    <datafield tag="245" ind1="0" ind2="0">
      <subfield code="a">Sententien, by den Hove van Hollant gearresteert jegens Johan van Messen, gewesene eerste klerck van den heere raedt pensionaris van Hollandt ende West-Vrieslandt, ende Dirck van Ruyven, gewoont hebbende alhier inden Hage /</subfield>
      <subfield code="c">ghepronuncieert den seven-en-twintichsten October anno 1655.</subfield>
    </datafield>
    <datafield tag="260" ind1=" " ind2=" ">
      <subfield code="a">In 'sGraven-Hage :</subfield>
      <subfield code="b">by de Weduwe ende Erfgenamen van wylen Hillebrandt Jacobsz van Wouw,</subfield>
      <subfield code="c">1655.</subfield>
    </datafield>
    <datafield tag="300" ind1=" " ind2=" ">
      <subfield code="a">[16] pagina's ;</subfield>
      <subfield code="c">20 cm (4-o)</subfield>
    </datafield>
    <datafield tag="336" ind1=" " ind2=" ">
      <subfield code="a">tekst</subfield>
      <subfield code="b">txt</subfield>
      <subfield code="2">rdacontent/dut</subfield>
    </datafield>
    <datafield tag="337" ind1=" " ind2=" ">
      <subfield code="a">zonder medium</subfield>
      <subfield code="b">n</subfield>
      <subfield code="2">rdamedia/dut</subfield>
    </datafield>
    <datafield tag="338" ind1=" " ind2=" ">
      <subfield code="a">band</subfield>
      <subfield code="b">nc</subfield>
      <subfield code="2">rdacarrier/dut</subfield>
    </datafield>
    <datafield tag="500" ind1=" " ind2=" ">
      <subfield code="a">Collatieformule: A-B⁴.</subfield>
    </datafield>
    <datafield tag="510" ind1="4" ind2=" ">
      <subfield code="a">Short title catalogue Netherlands,</subfield>
      <subfield code="c">852273363</subfield>
    </datafield>
    <datafield tag="600" ind1="1" ind2="4">
      <subfield code="a">Messen, Johan van.</subfield>
    </datafield>
    <datafield tag="600" ind1="1" ind2="4">
      <subfield code="a">Ruyven, Dirck van.</subfield>
    </datafield>
    <datafield tag="700" ind1="1" ind2=" ">
      <subfield code="a">Ruyven, Dirck van</subfield>
      <subfield code="q">(Dirk),</subfield>
      <subfield code="d">1617-</subfield>
      <subfield code="1">https://id.oclc.org/worldcat/entity/E39PCjrGtVHy3vpRv9CKc3TF4y</subfield>
    </datafield>
    <datafield tag="700" ind1="1" ind2=" ">
      <subfield code="a">Messen, Johan van,</subfield>
      <subfield code="d">-1665.</subfield>
      <subfield code="1">https://id.oclc.org/worldcat/entity/E39PCjB9DTrXfFk3hrjbFKGDmb</subfield>
    </datafield>
    <datafield tag="700" ind1="1" ind2=" ">
      <subfield code="a">Witt, Johan de,</subfield>
      <subfield code="d">1625-1672.</subfield>
      <subfield code="1">https://id.oclc.org/worldcat/entity/E39PBJgtcTH6vcfGCvRmDrW4bd</subfield>
    </datafield>
    <datafield tag="758" ind1=" " ind2=" ">
      <subfield code="a">Sententien, by den Hove van Hollant gearresteert jegens Johan van Messen, gewesene eerste klerck van den heere raedt pensionaris van Hollandt ende West-Vrieslandt, ende Dirck van Ruyven, gewoont hebbende alhier inden Hage (Text)</subfield>
      <subfield code="1">https://id.oclc.org/worldcat/entity/E39PCFBQYkd66D49w3PGXwBTf3</subfield>
      <subfield code="4">https://id.oclc.org/worldcat/ontology/hasWork</subfield>
    </datafield>
    <datafield tag="776" ind1="0" ind2=" ">
      <subfield code="t">Sententien, by den Hove van Hollant gearresteert jegens Johan van Messen, gewesene eerste klerck van den heere raedt pensionaris van Hollandt ende West-Vrieslandt, ende Dirck van Ruyven, gewoont hebbende alhier inden Hage</subfield>
      <subfield code="w">(NL-LeOCL)426007603</subfield>
    </datafield>
    <datafield tag="936" ind1=" " ind2=" ">
      <subfield code="a">BATCHLOAD</subfield>
    </datafield>
  </record>